<?xml version="1.0" encoding="UTF-8"?>
<record
    xmlns:xsi="http://www.w3.org/2001/XMLSchema-instance"
    xsi:schemaLocation="http://www.loc.gov/MARC21/slim http://www.loc.gov/standards/marcxml/schema/MARC21slim.xsd"
    xmlns="http://www.loc.gov/MARC21/slim">

  <leader>00790na  a2200241   4500</leader>
  <controlfield tag="001">19481</controlfield>
  <controlfield tag="003">MIRAKIL</controlfield>
  <controlfield tag="005">20181213154903.0</controlfield>
  <controlfield tag="008">161215b        tu            000 0      </controlfield>
  <datafield tag="040" ind1=" " ind2=" ">
    <subfield code="a">Milas</subfield>
    <subfield code="b">tur</subfield>
    <subfield code="c">TR-AnCHP</subfield>
  </datafield>
  <datafield tag="041" ind1=" " ind2=" ">
    <subfield code="a">tur</subfield>
  </datafield>
  <datafield tag="082" ind1=" " ind2=" ">
    <subfield code="a">956.10240208</subfield>
    <subfield code="b">T66l [t.y.]</subfield>
  </datafield>
  <datafield tag="090" ind1=" " ind2=" ">
    <subfield code="a">956.10240208 T66l [t.y.]</subfield>
  </datafield>
  <datafield tag="100" ind1=" " ind2=" ">
    <subfield code="a">Toprak, Zafer</subfield>
  </datafield>
  <datafield tag="245" ind1=" " ind2=" ">
    <subfield code="a">Lozan'dan Cumhuriyet'e &#x130;smet &#x130;n&#xF6;n&#xFC; Sergisi</subfield>
    <subfield code="c">Zafer Toprak; edit&#xF6;r Fatma T&#xFC;re ; sergi tasar&#x131;m &#xC7;a&#x11F;da&#x15F; Arpa&#xE7;</subfield>
  </datafield>
  <datafield tag="260" ind1=" " ind2=" ">
    <subfield code="a">&#x130;stanbul</subfield>
    <subfield code="b">&#x130;n&#xF6;n&#xFC; Vakf&#x131;</subfield>
    <subfield code="c">[t.y.]</subfield>
  </datafield>
  <datafield tag="300" ind1=" " ind2=" ">
    <subfield code="a">14 s.</subfield>
    <subfield code="b">fot&#x11F;.; hrt.</subfield>
    <subfield code="c">21 sm.</subfield>
  </datafield>
  <datafield tag="600" ind1=" " ind2=" ">
    <subfield code="a">&#x130;n&#xF6;n&#xFC;, &#x130;smet</subfield>
    <subfield code="d">1884-1973</subfield>
    <subfield code="x">Foto&#x11F;raflar</subfield>
    <subfield code="y">Sergiler</subfield>
  </datafield>
  <datafield tag="650" ind1=" " ind2=" ">
    <subfield code="a">Lozan Bar&#x131;&#x15F; Antla&#x15F;mas&#x131;</subfield>
    <subfield code="x">Foto&#x11F;raf sergileri</subfield>
  </datafield>
  <datafield tag="700" ind1=" " ind2=" ">
    <subfield code="a">Arpa&#xE7;, &#xC7;a&#x11F;da&#x15F;</subfield>
  </datafield>
  <datafield tag="700" ind1=" " ind2=" ">
    <subfield code="a">T&#xFC;re, Fatma</subfield>
  </datafield>
  <datafield tag="942" ind1=" " ind2=" ">
    <subfield code="2">dcc</subfield>
    <subfield code="c">BKS</subfield>
  </datafield>
  <datafield tag="952" ind1=" " ind2=" ">
    <subfield code="a">0001</subfield>
    <subfield code="b">0001</subfield>
    <subfield code="d">2016-12-15</subfield>
    <subfield code="e">2</subfield>
    <subfield code="l">0</subfield>
    <subfield code="o">956.10240208 T66l [t.y.]</subfield>
    <subfield code="p">011592</subfield>
    <subfield code="r">2016-12-15 00:00:00</subfield>
    <subfield code="v">0.00</subfield>
    <subfield code="w">2016-12-15</subfield>
    <subfield code="y">BKS</subfield>
  </datafield>
  <datafield tag="999" ind1=" " ind2=" ">
    <subfield code="c">2607</subfield>
    <subfield code="d">2607</subfield>
  </datafield>
</record>
